00708nam a22002051 450000100060000000300080000600500170001400800390003103500190007003500190008904000380010804100110014608200210015710000340017824501440021226000470035630000260040349000300042965100430045924280BD-RjUL20211209001030.0140313s1956 enk 000 0 eng a(BD-RjUL)24346 a(OCoLC)1075801 aDLCcOTdOCoLCdDLCdBD-RjULbeng1 aengger00a940.55bADW 19561 aAdenauer, Konrad,d1876-1967.10aWorld indivisible : bwith liberty and justice for all /cintrod. by Ernest Jackh. Translated from the German by Richard and Clara Winston. aLondon :bGeorge allen & unwin ltd,c1956. axxx, 122 p. ;c19 cm.0 aWorld perspectives,vv. 3 0aEuropexPolitics and governmenty1945-